000 00577nam a2200193 a 4500
001 16531
003 CO-ViMGA
008 141112s2004 ck r 000 u spa d
020 _a8478272127
040 _aCO-ViMGA
_bspa
_cCO-ViMGA
082 0 4 _a790.1922 G847
100 1 _aGuitart Aced, Rosa
_94808
245 1 0 _aJugar y divertirse sin excluir :
_bRecopilación de juegos no competitivos
260 _aBarcelona (España) :
_bGraó,
_c1999
300 _a93.p.
590 _aForma de adquisición : Premio - Mincultura
650 1 4 _aJUEGOS INFANTILES
_910241
942 _2ddc
_cBK
999 _c26331
_d26331